| 000 | 00450nam a2200169 a 4500 | ||
|---|---|---|---|
| 001 | 2113 | ||
| 003 | CO-ViMGA | ||
| 008 | 141112s2004 ck r 000 u spa d | ||
| 040 |
_aCO-ViMGA _bspa _cCO-ViMGA |
||
| 082 | 0 | 4 | _a808.02 R653 |
| 100 | 1 |
_aRomero Alvarez, María de Lourdes _950878 |
|
| 245 | 1 | 0 | _aTecnicas modernas de redacción |
| 260 |
_aMexico : _bHarla, _c1991 |
||
| 300 | _a214 p | ||
| 650 | 1 | 4 |
_aREDACCION - TECNICAS _950879 |
| 942 |
_2ddc _cBK |
||
| 999 |
_c14256 _d14256 |
||